Famous People Named Shaun, Shawn, or Sean - Statistics

General Stats
  • This quiz has been taken 151 times
    53 since last reset
  • The average score is 8 of 18
Answer Stats
Life Hint Person % Correct
1930–2020 The first actor to portray James Bond on film Sean Connery
98%
1969– Also known as Puff Daddy Sean Combs
80%
1960– Won Oscars for his roles in Mystic River and Milk Sean Penn
78%
1998– Canadian singer of "Señorita" and "Stitches" Shawn Mendes
63%
1959– Game of Thrones and Lord of the Rings actor, known for dying Sean Bean
61%
Fictional 2004 zombie comedy film with Simon Pegg Shaun of the Dead
55%
1971– Actor in Goonies and Rudy Sean Astin
45%
1975– His famous musician father wrote "Beautiful Boy" for him Sean Lennon
45%
1969– Also known as Jay-Z Shawn Carter
43%
1971– Worked with his brother on Scary Movie and White Chicks Shawn Wayans
43%
1961– Conservative political commentator and host of his own show Sean Hannity
33%
1976– Actor in American Pie and Dude, Where's My Car? Seann William Scott
31%
Fictional Spin-off of the Wallace and Gromit franchise Shaun the Sheep
31%
1973– Prolific Jamaican rapper and singer Sean Paul
29%
1965– Retired wrestler known as "The Heartbreak Kid" Shawn Michaels
25%
1988– Michigan rapper signed by Kanye West in 2007 Big Sean
24%
1956– Best known for her Grammy-winning song "Sunny Came Home" Shawn Colvin
24%
1979– Entrepreneur played by Justin Timberlake in The Social Network Sean Parker
6%
No matching quizzes found
Score Distribution
Percent of People with Each Score
Percentile by Number Answered
Your Score History
You have not taken this quiz since the last reset